The Lords of Lambityeco (Record no. 353182)
[ view plain ]
| 000 -LEADER | |
|---|---|
| fixed length control field | 00810nam a2200145Ia 4500 |
| 008 - FIXED-LENGTH DATA ELEMENTS--GENERAL INFORMATION | |
| fixed length control field | 171212s9999 xx 000 0 und d |
| 020 ## - INTERNATIONAL STANDARD BOOK NUMBER | |
| International Standard Book Number | 9780870819513 |
| 100 ## - MAIN ENTRY--PERSONAL NAME | |
| Personal name | Lind, Michael;Urcid, Javier;Urcid, Javier |
| 245 ## - TITLE STATEMENT | |
| Statement of responsibility, etc | Lind, Michael;Urcid, Javier;Urcid, Javier |
| Title | The Lords of Lambityeco |
| Remainder of title | Political Evolution in the Valley of Oaxaca during the Xoo Phase |
| 260 ## - PUBLICATION, DISTRIBUTION, ETC. (IMPRINT) | |
| Name of publisher, distributor, etc | University Press of Colorado |
| Date of publication, distribution, etc | 2010 |
| 440 ## - SERIES STATEMENT/ADDED ENTRY--TITLE | |
| Title | Mesoamerican Worlds: From the Olmec to the Danzantes |
| 650 ## - SUBJECT ADDED ENTRY--TOPICAL TERM | |
| Topical term or geographic name as entry element | Anthropology |
| 650 ## - SUBJECT ADDED ENTRY--TOPICAL TERM | |
| Topical term or geographic name as entry element | Lambityeco Site (Mexico); Excavations (Archaeology -- Mexico -- Lambityeco Site; Zapotec Indians -- Antiquities; Zapotec Indians -- Politics and government; Social archaeology -- Mexico -- Oaxaca Valley; Oaxaca Valley (Mexico) -- Antiquities |
| 856 ## - ELECTRONIC LOCATION AND ACCESS | |
| Uniform Resource Identifier | <a href="http://www.jstor.org/stable/j.ctt46nwfc">http://www.jstor.org/stable/j.ctt46nwfc</a> |
| Withdrawn status | Lost status | Damaged status | Home library | Current library | Date acquired | Total Checkouts | Full call number | Date last seen | Price effective from | Koha item type |
|---|---|---|---|---|---|---|---|---|---|---|
| College Library | College Library | 12/12/2017 | F1219.1.O11L55 2009 | 12/12/2017 | 12/12/2017 | Curriculum - Based eBooks |